Illustrated dBASE IV, Version 1.1 / (Record no. 541842)
[ view plain ]
| 000 -LEADER | |
|---|---|
| fixed length control field | 00595cam a2200193 a 4500 |
| 020 ## - INTERNATIONAL STANDARD BOOK NUMBER | |
| International Standard Book Number | 1556221967 : |
| 082 00 - DEWEY DECIMAL CLASSIFICATION NUMBER | |
| Classification number | 005.7565 |
| Author Mark | STU |
| -- | MCEL02,P-141 |
| 100 1# - MAIN ENTRY--PERSONAL NAME | |
| Personal name | Stultz, Russell Allen. |
| 9 (RLIN) | 36834 |
| 245 10 - TITLE STATEMENT | |
| Title | Illustrated dBASE IV, Version 1.1 / |
| Statement of responsibility, etc. | Russell A. Stultz. |
| 250 ## - EDITION STATEMENT | |
| Edition statement | 5th ed. |
| 260 ## - PUBLICATION, DISTRIBUTION, ETC. | |
| Place of publication, distribution, etc. | Plano, Tex : |
| Name of publisher, distributor, etc. | Wordware Pub., |
| Date of publication, distribution, etc. | c1991. |
| 300 ## - PHYSICAL DESCRIPTION | |
| Extent | viii, 503 p. : |
| Other physical details | ill. ; |
| Dimensions | 23 cm. |
| 500 ## - GENERAL NOTE | |
| General note | Includes index. |
| 526 ## - STUDY PROGRAM INFORMATION NOTE | |
| Program name | 0 |
| Interest level | 0 |
| Reading level | 0 |
| Title point value | 005_756500000000000_STU |
| 526 ## - STUDY PROGRAM INFORMATION NOTE | |
| Program name | 0 |
| Interest level | 0 |
| Reading level | 0 |
| Title point value | 005_756500000000000_STU |
| 650 #0 - SUBJECT ADDED ENTRY--TOPICAL TERM | |
| Topical term or geographic name entry element | Database management. |
| 9 (RLIN) | 18068 |
| 650 #0 - SUBJECT ADDED ENTRY--TOPICAL TERM | |
| Topical term or geographic name entry element | MCE |
| 9 (RLIN) | 379 |
| 942 ## - ADDED ENTRY ELEMENTS (KOHA) | |
| Source of classification or shelving scheme | |
| Koha item type | Book |
| Withdrawn status | Lost status | Source of classification or shelving scheme | Damaged status | Not for loan | Permanent Location | Current Location | Date acquired | Total Checkouts | Full call number | Barcode | Date last seen | Price effective from | Koha item type |
|---|---|---|---|---|---|---|---|---|---|---|---|---|---|
| Military College of Engineering (MCE) | Military College of Engineering (MCE) | 09/05/2013 | 005.7565 STU | MCE-25612 | 09/05/2013 | 09/05/2013 | Book | ||||||
| Military College of Engineering (MCE) | Military College of Engineering (MCE) | 09/05/2013 | 005.7565 STU | MCE-25611 | 09/05/2013 | 09/05/2013 | Book |
